000 00707nam a2200229 a 4500
001 BRCA_4621
005 20190320204735.0
008 270910s1947----nyua######---#000-0#eng-#
041 _aeng
044 _anyu
050 4 _aNK2110
_b.H68 1947
245 1 0 _aHouse & Garden
_bcomplete guide to interior decoration
_cedited by Richardson Wright.
260 _aNueva York
_bSimon and Schuster
_c1947
300 _a320 p.
_bil. (algunas a color)
_c33 cm.
500 _aIncluye índice analítico
500 _aEdición revisada y completada
500 _aD36
650 1 4 _aDecoración y ornamentación
_xDecoración interior
_911698
700 1 _aWright, Richardson
_911699
902 _aGFM
942 _2lcc
_cB
999 _c4326
_d4326